000 02335nam a2200301 i 4500
003 CSPC
005 20250917124408.0
008 250911s2022 nyua 001 0 eng d
020 _a9781484274309
040 _beng
_cCSPC
_aCSPC
_erda
050 0 4 _aQA76.9.D3
_b.K654 2022
082 0 4 _a005.75
_bK832b
_223
100 1 _aKoleoso, Tayo,
_eauthor.
245 1 0 _aBeginning jOOQ :
_blearn to write efficient and effective java-based SQL database operations /
_cTayo Koleoso.
264 1 _aNew York :
_bApress,
_c2022.
300 _aix, 214 pages :
_billustrations ;
_c24 cm.
336 _2rdacontent
_atext
337 _2rdamedia
_aunmediated
338 _2rdacarrier
_avolume
500 _aIncludes index.
505 0 _aWelcome to jOOQ -- Getting started with jOOQ -- Working with jOOQ -- Integrating with jOOQ -- Packaging and testing jOOQ.
520 _a"Learn to use the jOOQ library to manage SQL database operations in Java and JVM applications. This book walks you through what JOOQ is, how to install and get started with it, and then gets you working with it. Practical examples and case studies demonstrate how jOOQ offers a more efficient and versatile alternative to Object-Relational Mapping frameworks like Hibernate and JPA, while providing a natural, native-SQL feeling for the developer. You'll see how to maximize the full potential of your SQL database with advanced query syntax and functions with this lightweight, SQL-friendly framework. Come see how you can use high performance approaches like reactive, data streaming and cloud-native programming to get data from SQL tables. Never write another incorrect SQL statement again and protect your application from SQL injection with the strong typing and inbuilt controls in jOOQ. Learn how to add jOOQ to your existing Hibernate, Spring Boot or Quarkus applications. When you’ve completed this book, you will be able to take the knowledge you’ve gained, along with the freely available source code, and directly apply them to your own work." -- Back cover
650 0 _aObject-oriented databases.
650 0 _aQuerying (Computer science).
650 0 _aJava (Computer program language).
942 _2ddc
_n0
_cBK
_iK832b
_kGRD
_m2022
_h005.75
_e23
999 _c30503
_d30503